Aspectos laborales de la Ley del Presupuesto Público (Registro nro. 22629)

000 -Cabecera
Campo de control interno 03045nam a2200421 4500
001 - Número de control
control field ESSALUD
005 - Fecha y hora de la última transacción
Campo de control 20260702160921.0
007 - Tipo material - Descripcion fisica - info general
Tipo material - Descripcion fisica - info general ta
008 - Elementos de Longitud Fija - Información General
Elementos de Longitud Fija - Información t pe ||||| |||| 00| 0 spa d
040 ## - Origen de la Catalogación
Origen de la Catalogación BMG
041 ## - Idioma
Idioma spa
100 ## - Autor
Autor Tarazana Pineda, Manolo Narciso
Rol del Autor Autor
9 (RLIN) 53135
245 ## - Titulo
Titulo Aspectos laborales de la Ley del Presupuesto Público
246 ## - Variante del Titulo
Titulo Labor aspects of the Public Budget Law
300 ## - Páginas
Paginación páginas 182-201
520 ## - Resumen
Resumen En el presente informe se desarrolla de manera sistemática el contenido<br/>de las principales disposiciones laborales, remunerativas y presupuestarias previstas<br/>en la Ley de Presupuesto del Sector Público para el Año Fiscal 2026. El texto describe<br/>las principales implicancias laborales derivadas de dichas disposiciones, abarcando los<br/>distintos regímenes de empleo público, los incrementos y ajustes de ingresos, el otorgamiento<br/>de bonos excepcionales y los procesos de nombramiento y ascenso del personal. Asimismo, se exponen las reglas y excepciones aplicables a la contratación bajo<br/>el régimen CAS, las disposiciones vinculadas a la negociación colectiva y al arbitraje<br/>laboral, así como las autorizaciones presupuestarias relacionadas con el financiamiento<br/>de plazas, la gestión de recursos humanos y el cumplimiento de obligaciones previsionales,<br/>ofreciendo una visión ordenada y coherente del marco normativo vigente<br/>
520 ## - Resumen
Resumen This report systematicolly presents the content of the main labor, remuneration -related, and<br/>budgetary provisions set forth in the Public Sector Budget Law for Fiscal Year 2026. The text describes<br/>the principal labor implications arising from these provisions, covering the various public employment<br/>regimes, income increases and adjustments, the granting of exceptional bonuses, and personnel<br/>appointment and promotion processes. lt also outlines the rules and exceptions applicable to hiring<br/>under the CAS regime, the provisions related to collective bargaining and labor arbitration, as well as<br/>the budgetary authorizations concerning the financing of positions, human resources management,<br/>and the fulfillment of social security obligations, offering an orderly and coherent overview of the<br/>current regulatory framework.<br/>
650 ## - Temas - Descriptores
Temas - Descriptores SECTOR PÚBLICO
9 (RLIN) 1012
650 ## - Temas - Descriptores
Temas - Descriptores PRESUPUESTO
650 ## - Temas - Descriptores
Temas - Descriptores INGRESOS
9 (RLIN) 53219
650 ## - Temas - Descriptores
Temas - Descriptores PLANILLA
9 (RLIN) 53220
650 ## - Temas - Descriptores
Temas - Descriptores BONIFICACIONES
9 (RLIN) 53221
650 ## - Temas - Descriptores
Temas - Descriptores SERVIDORES
9 (RLIN) 53222
650 ## - Temas - Descriptores
Temas - Descriptores FUNCIONARIOS
9 (RLIN) 53223
650 ## - Temas - Descriptores
Temas - Descriptores CONTRATACIÓN
650 ## - Temas - Descriptores
Temas - Descriptores NOMBRAMIENTO
9 (RLIN) 53224
650 ## - Temas - Descriptores
Temas - Descriptores PUBLIC SECTOR
9 (RLIN) 53225
650 ## - Temas - Descriptores
Temas - Descriptores BUDGET
9 (RLIN) 53226
650 ## - Temas - Descriptores
Temas - Descriptores EARNINGS
9 (RLIN) 53227
650 ## - Temas - Descriptores
Temas - Descriptores PAYROLL
9 (RLIN) 53228
650 ## - Temas - Descriptores
Temas - Descriptores BONUSES
9 (RLIN) 53229
650 ## - Temas - Descriptores
Temas - Descriptores PUBLIC SERVANTS
9 (RLIN) 53230
650 ## - Temas - Descriptores
Temas - Descriptores PUBLIC OFFICIALS
9 (RLIN) 53231
650 ## - Temas - Descriptores
Temas - Descriptores HIRING
9 (RLIN) 53232
650 ## - Temas - Descriptores
Temas - Descriptores APPOINTMENT
9 (RLIN) 53233
773 0# - Revista (Relacion con el numero)
Host Biblionumber 22614
Host Itemnumber 22623
Ciudad, Editorial Lima Grupo Praxis Formación Profesional, 2026-
Codigo barras item/ejemplar PRALAB001
Titulo de la Revista Praxis Laboral & Procesal Laboral
Número de control de registro ESSALUD
ISSN 3119-768X
942 ## - Elementos de Koha
Tipo de Documento Artículos
Fecha procesamiento 2026-07-02
Catalogador SQB

No hay ítems disponibles.